Méthode _ Histoire-Géo - Présentation document - Statistiques

Statistiques générales
  • Ce quiz a été pris 36 fois
  • Le résultat moyen est 4 sur 6
Statistiques - réponses
Lettres Présentation du documents % Correct
A Auteur (Qui a réalisé le document ?)
96%
D Date (quand le document a-t-il été réalisé ?)
96%
N Nature (Quel type de document ?
88%
S Sujet (de quoi parle le document ?)
58%
E Extrait de (Quelle est la source du document ?) / Source
54%
C Contexte (Dans quel contexte est produit le document ? Essentiel pour un document en histoire)
33%
Aucun quiz correspondant
Distribution des résultats
% des personnes avec chaque résultat
Percentile par nombre de réponses
Votre historique - résultats
Vous n’avez pas pris ce quiz